| 000 | 00989nam a2200229 a 4500 | ||
|---|---|---|---|
| 005 | 20260322212041.0 | ||
| 008 | data | ||
| 020 | _a1419874624 | ||
| 020 | _a9781419874628 | ||
| 099 | _aDVD 510 | ||
| 100 | 1 | _aNicholson, Jack. | |
| 245 | 1 | 0 |
_aMars attacks!. _cWarner Bros. presents a film by Tim Burton. |
| 260 |
_aBurbank, CA : _bWarner Home Video, _c1997, 1996. |
||
| 300 |
_a1 videodisc (106 min.) : sd., col. ; _b4 3/4 in. |
||
| 500 | _aFor specific features see interactive menu./ Participants: Jack Nicholson, Glenn Close, Annette Bening, Pierce Brosnan, Danny DeVito, Martin Short, Sarah Jessica Parker, Michael J. Fox, Rod Steiger, Tom Jones, Lukas Haas, Natalie Portman, Jim Brown,Lisa Marie, Sylvia Sid Sylvia Sidney./ Audience: Rated PG-13 | ||
| 520 | _aMean, green invaders from the angry red planet attempt to take over the earth. | ||
| 650 | 0 | _aComedy films | |
| 650 | 0 | _aScience fiction films | |
| 700 | 1 |
_aClose, Glenn. _d1947- |
|
| 700 | 1 | _aBening, Annette. | |
| 001 | data | ||
| 999 |
_c967 _d967 |
||